Statistics for Marvel - 100 Women of X-Men

Click here to take the quiz!

General Stats

  • This quiz has been taken 78 times
    (74 since last reset)
  • The average score is 54 of 100

Answer Stats

Main abilitiesCharacters% Correct
Omega level weather/atmosphere manipulationStorm
98%
Omega level telepathy, telekinesisJean Grey
93%
IntangibilityKitty Pryde
91%
Psyche and power absorption through touch, flight, superstrengthRogue
91%
Telepathy, organic diamond formEmma Frost
89%
ShapeshiftingMystique
87%
Chaos magicScarlet Witch
87%
Telepathy, telekinesis, psionic weaponsCaptain Britain
84%
Telepathy, telekinesis, psionic weaponsKwannon
84%
Converts sound to lightDazzler
82%
Pyrotechnic energy blastsJubilee
82%
Manipulates Limbo's 'stepping disks", soul sword, magical abilitiesMagik
82%
Telepathy, telekinesis, chronoskimmingRachel Summers
82%
'Luck' manipulationDomino
80%
Winged flight, soul dagger, hallucinogenic 'pixie dust', magical teleportationPixie
80%
Regeneration, adamantium claws, superhuman physiologyX-23 / Wolverine
80%
Electromagnetic manipulationPolaris
78%
Wolf-like transformationWolfsbane
76%
Lava manipulationMagma
73%
Reincarnation from birthMoira MacTaggert
73%
Telepathic hive mind, organic diamond formsStepford Cuckoos
73%
Psionic body armorArmor
71%
Sand formDust
71%
Former Majestrix of the Shi'arLilandra
71%
Accelerated bone growth, regenerationMarrow
71%
Fear projection, psionic arrows, Valkyrie abilitiesMoonstar
71%
Sorcery, six armsSpiral
71%
Creates plasma 'time bombs'Boom Boom
69%
PrecognitionDestiny
69%
Omega level mutant power mimicryHope
69%
Removes a layer of skin to reveal a new composition beneathHusk
69%
Regeneration, adamantium skeleton and claws, superhuman physiologyLady Deathstrike
69%
Sonic scream, flightSiryn
69%
Teleportation spearsBlink
67%
Winged flight, claws, superhuman (Shi'ar) physiologyDeathbird
64%
Telepathic possessionKarma
64%
Telepathy, life-force absorption/vampirism, sorcerySelene
64%
Telepathic illusionsLady Mastermind
62%
Made of liquid mercury, can alter her shapeMercury
60%
Projects waves which induce distortion/vertigoVertigo
60%
Super speed, light manipulationAurora
58%
Feline physiology and senses, razor sharp claws and teethFeral
58%
Microwave energy generationFirestar
58%
Telepathy turned 'inwards' to create a telepathic firewall, 'computer brain'Sage
58%
Telepathy, telekinesis, demonic magicMadelyne Pryor
56%
Omega sentinel technology, such as flight and nanite regenerationOmega Sentinel
56%
Electrical absorption, electrical blasts, super speedSurge
56%
Forcefield projectionCecilia Reyes
53%
Enhanced sensesCallisto
51%
Technoforming, hard light hologramsDanger
51%
Humanoid shark transformationShark Girl
51%
Insectoid physiology, winged flight, acid productionAngel Salvadore
49%
Crystalline body, able to expel diamonds from her bodyBling!
49%
Transforms/Adapts so save those around herLifeguard
49%
Superhuman physiology, telepathy, telekinesis, 'penace' formMonet St Croix
49%
Teleportation through doorsAriel
47%
Telepathy, telekinesis, DNA manipulationCassandra Nova
47%
Resurrecting others, ''knowing things"Layla Miller
47%
Precognition using tarot cardsTarot
47%
Precognition, limited telekinesis and telepathy, astral projectionBlindfold
44%
Durability, superhuman physiologyFrenzy
44%
Empathic metamorph, elemental link to the elementsMeggan
44%
Egg shaped battle suit, low level telepathy through chemical dustNanny
44%
Arctic animal transformation, postcognition, mystical sensesSnowbird
44%
Magical abilities derived from the 'Winding Way' dimensionAmanda Sefton
42%
Shockwave generationArclight
42%
Personal protective fieldSkids
42%
Transformation into a large catCatseye
40%
Intergalactic TeleportationLila Cheney
40%
Nature/Animal manipulationNature Girl
40%
Earth manipulationPetra
40%
Omniversal Majestrix, witchcraftSaturnyne
40%
Time manipulation, flightTempo
40%
Time manipulation, temporal bubblesTempus
40%
Superhuman (Mephitisoid) physiology and senses, pheromone manipulationHepzibah
38%
Made of psionic energy, can possess othersMalice
38%
Telepathic illusionsMastermind
38%
Optic blasts, organic ruby formRuby Summers
38%
Pheromonal manipulationStacy X
38%
Presidential Advisor on Mutant AffairsValerie Cooper
38%
Vapor form, teleportationAmelia Voght
36%
Intangibility, distorts the matter she is phasing through as she does soLoa
36%
Probability alteration disksRoulette
36%
Genetic shapeshifting, power mimicryCopycat
33%
Darkforce manipulation, teleportation, flightDarkstar
33%
Thermokinesis, ice and fire manipulationOya
33%
Pyrokinesis from her hands, multilingualismAbigail Brand
31%
Can touch an object and know its historyAdrienne Frost
31%
Creates an aura of energy that enables her to flyAero
31%
Made of photons, absorbs and projects photokinetic energyShard
31%
Prehensive tongue has a smaller head on it which can inject venomBliss
29%
Immortality, telekinesis, life force absorptionCandra
29%
The 'Doom Note'Bei
27%
High Priestess of the Sun God, sorceryZaladane
27%
Omega level ability to never loseIsca
24%
AerokinesisWind Dancer
20%
TechnopathyTrinary
18%
Current Majestrix of the Shi'ar, telepathyXandra
16%
Flora communication, can rot organic matterRedroot
11%
Omega level mutant and plant manipulation (unclear if synonymous)Genisis
7%

Score Distribution

Percentile by Number Answered

Percent of People with Each Score

Your Score History

You have not taken this quiz since the last reset